Educating Muslim Girls (Record no. 17239)

MARC details
000 -LEADER
fixed length control field 00602nam a2200241 a 4500
020 ## - INTERNATIONAL STANDARD BOOK NUMBER
ISBN 0335197736
082 00 - DEWEY DECIMAL CLASSIFICATION NUMBER
Classification number 305.480297
Author Cutter HAW
100 ## - MAIN ENTRY--AUTHOR NAME
Author name Haw, Kaye
245 ## - TITLE STATEMENT
Title Educating Muslim Girls
Sub title Shifting Discourses
260 ## - PUBLICATION, DISTRIBUTION, ETC. (IMPRINT)
Place of publication U.K.
Name of publisher Open University
Year of publication 1998
300 ## - PHYSICAL DESCRIPTION
Number of Pages 203p
500 ## - GENERAL NOTE
General note includes index and biblioraphy
505 2# - FORMATTED CONTENTS NOTE
Formatted contents note Index
650 ## - SUBJECT ADDED ENTRY--TOPICAL TERM
Topical Term Muslim Women-Education
942 ## - ADDED ENTRY ELEMENTS (KOHA)
Koha item type Books
700 1# -
-- Haw, Kaye
Holdings
Collection code Home library Current library Date acquired Cost, normal purchase price Full call number Accession Number Koha item type
  Henry Martyn Institute Library Henry Martyn Institute Library 01/21/2008 525.60 305.480297 HAW 021898 Books
                   Copyright © 2026 | Henry Martyn Institute | Hyderabad | TS-500052 | INDIA | Implemented by hmi.edu.in
Hit-Count:

Powered by Koha